Gestión del conocimiento en centros de investigación y desarrollo de México, Brasil y Chile (Record no. 158668)

MARC details
000 -LEADER
fixed length control field 00987nam a22002177a 4500
005 - DATE AND TIME OF LATEST TRANSACTION
control field 20211105103123.0
008 - FIXED-LENGTH DATA ELEMENTS--GENERAL INFORMATION
fixed length control field 211105b mx ||||| |||| 00| 0 spa d
020 ## - INTERNATIONAL STANDARD BOOK NUMBER
International Standard Book Number 9786077629245
050 04 - LIBRARY OF CONGRESS CALL NUMBER
Classification number HC227
Item number G47 2009
245 10 - TITLE STATEMENT
Title Gestión del conocimiento en centros de investigación y desarrollo de México, Brasil y Chile
Statement of responsibility, etc / coordinador, José Luis Solleiro Rebolledo; Flor Escalante.... [et al.] ;
250 ## - EDITION STATEMENT
Edition statement 1a ed.
260 ## - PUBLICATION, DISTRIBUTION, ETC. (IMPRINT)
Place of publication, distribution, etc México :
Name of publisher, distributor, etc Facultad Latinoamericana de Ciencias Sociales,
Date of publication, distribution, etc 2009.
300 ## - PHYSICAL DESCRIPTION
Extent 107 p. ;
Dimensions 22 cm.
440 0# - SERIES STATEMENT/ADDED ENTRY--TITLE
Title Programa de Investigación sobre Economía del Conocimiento en América Latina y el Caribe
Volume number/sequential designation 3
650 #7 - SUBJECT ADDED ENTRY--TOPICAL TERM
Source of heading or term Lemb
Topical term or geographic name as entry element Economía del conocimiento
Geographic subdivision América Latina.
650 #7 - SUBJECT ADDED ENTRY--TOPICAL TERM
Source of heading or term Lemb
Topical term or geographic name as entry element Aprendizaje organizacional
Geographic subdivision América Latina
650 #7 - SUBJECT ADDED ENTRY--TOPICAL TERM
Source of heading or term Lemb
Topical term or geographic name as entry element Proyectos de Investigación
Geographic subdivision México
650 #7 - SUBJECT ADDED ENTRY--TOPICAL TERM
Source of heading or term Lemb
Topical term or geographic name as entry element Proyectos de Investigación
Geographic subdivision Brasil
650 #7 - SUBJECT ADDED ENTRY--TOPICAL TERM
Source of heading or term Lemb
Topical term or geographic name as entry element Proyectos de Investigación
Geographic subdivision Chile
942 ## - ADDED ENTRY ELEMENTS (KOHA)
Source of classification or shelving scheme Biblioteca del Cogreso de los Estados Unidos
Koha item type Libro
Holdings
Estado de pérdida Fuente de clasificación Estado del daño No para préstamo Ubicación permanente Ubicación actual Apartado o colección Fecha de adquisición Edición Área del conocimiento Total Checkouts Clasificación Código de Barras Date last seen Número de copia Costo por reposición Tipo de recurso
  Biblioteca del Cogreso de los Estados Unidos     Biblioteca del Instituto de Investigaciones Históricas Biblioteca del Instituto de Investigaciones Históricas General 05/11/2021 1a ed. Ciencias Sociales y Administrativas   HC227 G47 2009 IIH000031470 05/11/2021 C:1 1.00 Libro